Clermont-Ferrand - Choix Multiples - Statistiques

Statistiques générales
  • Ce quiz a été pris 464 fois
  • Le résultat moyen est 9 sur 10
Statistiques - réponses
Question Réponse % Correct
Quelle est la mascotte de l'entreprise la plus iconique de la ville ?
99%
La cathédrale et d'autres monuments de la ville ont une teinte très sombre dûe à une roche volcanique provenant d'une ville proche, connue pour son eau en bouteille. De laquelle s'agit-il ? Volvic
98%
Depuis les rues de la ville, on peut souvent apercevoir une haute montagne avec un pylône et un laboratoire au sommet, comment s'appelle-t-elle ? Le Puy de Dôme
97%
Une statue de quel héros de la Gaule domine cette place ? Vercingétorix
97%
Comment s'appelle la place principale de la ville ? La Place de Jaude
94%
Laquelle de ces communes ne fait pas partie de la banlieue de Clermont-Ferrand ? Bron
93%
Quelle importante personnalité du monde philosophique et scientifique est née à Clermont-Ferrand, au XVIIe siècle ? Blaise Pascal
91%
Quel festival de cinéma s'y déroule chaque mois de janvier, le deuxième le plus important derrière Cannes ? Le Festival International du Court Métrage
90%
Quel est le journal local par excellence à Clermont-Ferrand ? La Montagne
88%
Lequel de ces fromages n'est pas considéré "AOP d'Auvergne" ? L'Ossau-Iraty
86%
Aucun quiz correspondant
Distribution des résultats
% des personnes avec chaque résultat
Percentile par nombre de réponses
Votre historique - résultats
Vous n’avez pas pris ce quiz